000 00340nam a22001457a 4500
008 210521b ||||| |||| 00| 0 eng d
020 _a9781337052702
041 _aeng
080 _a330.722.6
082 _a330.722.6
100 _a61
101 _aKF
245 _aAccounting Information Systems
_cWayne State College
942 _2udc
_cBK
999 _c57580
_d57580